=LDR 00000nam 2200000 4500 =001 001213 =005 20250711120436 =035 ##$$a 0010-0725000396 =007 ta =008 250711################a##########0#ind## =020 ##$$a 978-623-118-885-4 =082 ##$$a 398.209 598 =084 ##$$a 398.209 598 EST w =100 #$$a Esti asmalia =245 1#$$a Wobi juga bisa /$c Esti asmalia =250 ##$$a Cetakan kedua =260 ##$$a Rawamangun :$b Kementerian Pendidikan, Kebudayaan,, dan teknologi,$c 2023 =300 ##$$a 24 hlm. : $b Ilus. ; $c 29,7cm =650 #4$$a Cerita anak-indonesia =990 ##$$a TBM02870287